Introducción a la economía (Registro nro. 5074)

Detalles MARC
000 -LEADER
fixed length control field 01118 a2200253 4500
001 - CONTROL NUMBER
control field 53087
005 - DATE AND TIME OF LATEST TRANSACTION
control field 20260407155804.0
008 - FIXED-LENGTH DATA ELEMENTS--GENERAL INFORMATION
fixed length control field 260407a1981 arg spa d
003 - CONTROL NUMBER IDENTIFIER
control field AR-UNSa-BCEJYS
040 ## - CATALOGING SOURCE
Original cataloging agency AR-UNSa-BCEJYS
Language of cataloging spa
Transcribing agency AR-UNSa-BCEJYS
080 ## - UNIVERSAL DECIMAL CLASSIFICATION NUMBER
Universal Decimal Classification number 330
Common auxiliary subdivision Economía en general
020 ## - INTERNATIONAL STANDARD BOOK NUMBER
International Standard Book Number 84-7423-098-5
041 ## - LANGUAGE CODE
Language code of text/sound track or separate title spa
100 1# - MAIN ENTRY--PERSONAL NAME
Personal name Galbraith, John Kenneth
245 10 - TITLE STATEMENT
Title Introducción a la economía
Name of part/section of a work una guía para todos (o casi))
250 ## - EDITION STATEMENT
Edition statement 3a. ed.
264 #1 - PRODUCTION, PUBLICATION, DISTRIBUTION, MANUFACTURE, AND COPYRIGHT NOTICE
Place of production, publication, distribution, manufacture Barcelona :
Name of producer, publisher, distributor, manufacturer Crítica
Date of production, publication, distribution, manufacture, or copyright notice 1981
300 ## - PHYSICAL DESCRIPTION
Extent 234 p.
Dimensions 20 cm.
505 ## - FORMATTED CONTENTS NOTE
Formatted contents note 1. ¿Qué es la economía? - 2. Los sistemas económicos - 3. ¿Qué ha sucedido con el mercado? - 4. La gran empresa moderna - 5. De nacionalizaciones y multinacionales - 6. La moneda y la política monetaria - 7. ¿Qué es la política fiscal? - 8. ¿Qué hacer? - 9. La escena internacional - 10. El crecimiento,el poder y la política del mercado
590 ## - LOCAL NOTE (RLIN)
Local note niveau_biblio:m niveau_hierar:0
700 1# - ADDED ENTRY--PERSONAL NAME
Personal name Salinger, Nicole
856 41 - ELECTRONIC LOCATION AND ACCESS
Uniform Resource Identifier <a href="https://www.biblioeco.unsa.edu.ar/pmb/images/libros/L128299.jpg">https://www.biblioeco.unsa.edu.ar/pmb/images/libros/L128299.jpg</a>
Link text Imagen de portada
Electronic format type image/jpeg
942 ## - ADDED ENTRY ELEMENTS (KOHA)
Koha item type
Existencias
Withdrawn status Lost status Damaged status Not for loan Home library Current library Shelving location Date acquired Total checkouts Full call number Barcode Date last seen Price effective from Koha item type
        Biblioteca Prof. Eusebio Cleto del Rey Biblioteca Prof. Eusebio Cleto del Rey   07/04/2026   330 G148 3ed. L128299 07/04/2026 07/04/2026 Libro